00315nam a2200133Ia 4500003000500000005001700005008004100022100002000063245002200083260000900105300003500114440002400149650000800173SISC20190129091807.0180117s9999 xx 000 0 und d aby Ogie Alcasid 4aThe future of OPM c2017 a18-20 pages, 2017 September 24 aPhilippine Panorama aOPM